00761nam a2200217 i 4500001000300000100001700003245005200020260002100072700002000093700001600113040000800129041000800137942000700145008004100152999001500193856009700208952007300305952006300378952005100441952005100492bg1 aHYKS, Pavel. 0aSchody /cPavel Hyks, Milan Gaborik, Oto Vrona. aWarszawa,c1984.1 aGABORIK, Milan.1 aVRONA, Oto. cBPK apol cKS s pl f |000 0 pol  c1138d1138 uhttp://koha.tu.koszalin.pl/cgi-bin/koha/opac-detail.pl?biblionumber=1138yKatalog online BPK 00104071aELBUDbELBUDcboP 22593p02238593t692/694 Cb.Rm.RcyKS 00104070aBPKbBPKcwoP 22594p01393996s2024-10-09yKS 00104070aBPKbBPKcwoP 22595p01249194yKS 00104070aBPKbBPKcwoP 22596p01209570yKS